Auditing : (Record no. 15557)
[ view plain ]
| 000 -LEADER | |
|---|---|
| fixed length control field | 01197cam a2200349 a 4500 |
| 001 - CONTROL NUMBER | |
| control field | 15616744 |
| 003 - CONTROL NUMBER IDENTIFIER | |
| control field | OSt |
| 005 - DATE AND TIME OF LATEST TRANSACTION | |
| control field | 20160404115043.0 |
| 008 - FIXED-LENGTH DATA ELEMENTS--GENERAL INFORMATION | |
| fixed length control field | 090209s2010 at a b 001 0 eng |
| 010 ## - LIBRARY OF CONGRESS CONTROL NUMBER | |
| LC control number | 2009922603 |
| 020 ## - INTERNATIONAL STANDARD BOOK NUMBER | |
| International Standard Book Number | 9780324658040 (student ed. with CD) |
| 020 ## - INTERNATIONAL STANDARD BOOK NUMBER | |
| International Standard Book Number | 9789814314343 |
| 020 ## - INTERNATIONAL STANDARD BOOK NUMBER | |
| International Standard Book Number | 0324658044 (student ed. with CD) |
| 020 ## - INTERNATIONAL STANDARD BOOK NUMBER | |
| International Standard Book Number | 9780324663723 (student ed.) |
| 020 ## - INTERNATIONAL STANDARD BOOK NUMBER | |
| International Standard Book Number | 0324663722 (student ed.) |
| 040 ## - CATALOGING SOURCE | |
| Original cataloging agency | DLC |
| Transcribing agency | DLC |
| Modifying agency | DLC |
| 050 00 - LIBRARY OF CONGRESS CALL NUMBER | |
| Classification number | HF 5567 |
| Item number | .G745 2011 |
| 100 1# - MAIN ENTRY--PERSONAL NAME | |
| Personal name | Gramling, Audrey A. |
| 245 10 - TITLE STATEMENT | |
| Title | Auditing : |
| Remainder of title | a business risk approach / |
| Statement of responsibility, etc | Audrey A. Gramling, Larry E. Rittenberg, Karla M. Johnstone. |
| 250 ## - EDITION STATEMENT | |
| Edition statement | 7th edition. |
| 260 ## - PUBLICATION, DISTRIBUTION, ETC. (IMPRINT) | |
| Place of publication, distribution, etc | Australia ; |
| -- | Mason, Ohio : |
| Name of publisher, distributor, etc | South-Western Cengage Learning, |
| Date of publication, distribution, etc | 2011. |
| 300 ## - PHYSICAL DESCRIPTION | |
| Extent | xviii, 942 pages : |
| Other physical details | illustrations ; |
| Dimensions | 29 cm. |
| 500 ## - GENERAL NOTE | |
| General note | Includes bibliographical references and index. |
| 650 #0 - SUBJECT ADDED ENTRY--TOPICAL TERM | |
| Topical term or geographic name as entry element | Auditing. |
| 700 1# - ADDED ENTRY--PERSONAL NAME | |
| Personal name | Johnstone, Karla M. |
| 700 1# - ADDED ENTRY--PERSONAL NAME | |
| Personal name | Gramling, Audrey A. |
| 906 ## - LOCAL DATA ELEMENT F, LDF (RLIN) | |
| a | 0 |
| b | ibc |
| c | origcop |
| d | 3 |
| e | ncip |
| f | 20 |
| g | y-gencatlg |
| 942 ## - ADDED ENTRY ELEMENTS (KOHA) | |
| Source of classification or shelving scheme | Library of Congress Classification |
| Koha item type | Books |
| Call number prefix | Foreign |
| Withdrawn status | Lost status | Source of classification or shelving scheme | Damaged status | Home library | Current library | Shelving location | Date acquired | Total Checkouts | Full call number | Barcode | Date last seen | Date checked out | Copy number | Price effective from | Koha item type | Source of acquisition | Sub Shelving location |
|---|---|---|---|---|---|---|---|---|---|---|---|---|---|---|---|---|---|
| Library of Congress Classification | College Library | College Library | General Circulation Section | 04/25/2012 | 1 | HF 5567 .G745 2011 | C13275 | 05/15/2018 | 04/13/2015 | 1 | 04/25/2012 | Books | |||||
| Library of Congress Classification | College Library | College Library | General Circulation Section | 11/25/2013 | HF 5567 .G745 2011 | C13276 | 05/15/2018 | 2 | 11/25/2013 | Books | |||||||
| Library of Congress Classification | College Library | College Library | General Circulation Section | 04/04/2016 | HF 5567 .G745 2011 | C20531 | 05/15/2018 | 04/04/2016 | Books | Donation |